|
|
|
|
| LEADER |
00000nas a22000001 4500 |
| 001 |
ssj0001924 |
| 003 |
WaSeSS |
| 005 |
20200512172242.0 |
| 006 |
m d |
| 007 |
cr n |
| 008 |
760616d19451995nyuqr p s 0 a0eng |
| 010 |
|
|
|a 49023911
|
| 016 |
7 |
|
|a 9877791
|2 DNLM
|
| 016 |
7 |
|
|a P57940000
|2 DNLM
|
| 022 |
|
|
|l 0033-3670
|y 0033-3670
|
| 030 |
|
|
|a PREJAR
|
| 032 |
|
|
|a 449440
|b USPS
|
| 035 |
|
|
|a (WaSeSS)ssj0001924
|
| 037 |
|
|
|b Public Relations Society of America, Inc., 845 Third Ave., New York, NY 10022
|
| 040 |
|
|
|a DLC
|b eng
|c KSU
|d YUS
|d HUL
|d NSD
|d DLC
|d OCL
|d RCS
|d AIP
|d NSD
|d AIP
|d NST
|d NLM
|d NSD
|d HUL
|d NSD
|d EBZ
|d OCL
|d AGL
|d OCLCQ
|d NLGGC
|d LVB
|d NSD
|d OCLCQ
|d OCLCF
|d OCLCO
|d GILDS
|d OCLCQ
|d RDF
|d OCLCO
|d WaSeSS
|
| 042 |
|
|
|a nsdp
|a pcc
|
| 050 |
0 |
0 |
|a HM263.A1
|b P83
|
| 070 |
0 |
|
|a 238.28
|b P96
|
| 082 |
0 |
4 |
|a 301.154
|
| 210 |
0 |
|
|a Publ. relat. j.
|
| 222 |
|
0 |
|a Public relations journal
|
| 245 |
0 |
4 |
|a The Public relations journal
|h [electronic resource].
|
| 250 |
|
|
|a [News and feature periodical].
|
| 260 |
|
|
|a New York
|b Public Relations Society of America
|
| 310 |
|
|
|a Quarterly,
|b <May 1995>-1995
|
| 321 |
|
|
|a Monthly,
|b 1945-<47>
|
| 321 |
|
|
|a Monthly (except semimonthly in July),
|b <1977->
|
| 362 |
0 |
|
|a v. 1-51 Oct. 1945-1995.
|
| 506 |
|
|
|a License restrictions may limit access.
|
| 550 |
|
|
|a Journal of the American Council on Public Relations, 1945-Feb. 1948; of the Public Relations Society of America, Mar. 1948-
|
| 650 |
|
0 |
|a Public relations
|v Periodicals.
|
| 650 |
|
6 |
|a Relations publiques
|v Périodiques.
|
| 650 |
|
7 |
|a Public relations.
|2 fast
|0 (OCoLC)fst01082892
|
| 650 |
1 |
7 |
|a Public relations.
|2 gtt
|
| 655 |
|
0 |
|a Electronic journals.
|
| 710 |
2 |
|
|a American Council on Public Relations.
|
| 710 |
2 |
|
|a Public Relations Society of America.
|
| 850 |
|
|
|a DLC
|a DNAL
|a GEU
|a MnSSC
|a NhU
|
| 856 |
4 |
0 |
|z Full text available from Research Library: 01/01/1993 to 05/31/1995
|u https://search.proquest.com/publication/34602
|